| 000 | 02361nam0a2200397 4500 | ||
|---|---|---|---|
| 001 | RU\NLR\BIBL_A\022637822 | ||
| 005 | 20260420054436.0 | ||
| 010 |
_a978-5-905588-73-0 _9500 |
||
| 021 |
_aRU _bКН-П-25-050006 _9КН-П-25-4835 |
||
| 035 | _a(NLR Aleph) 022637822 | ||
| 090 |
_a13685130 _c13685130 |
||
| 100 | _a20251007d2025 k y0rusy50 ca | ||
| 101 | 1 |
_arus _ager _cger |
|
| 102 | _aRU | ||
| 105 | _aa z 000zy | ||
| 181 | 0 |
_ai3 _baxxe |
|
| 182 | 0 | _an | |
| 200 | 1 |
_aМедитация в антропософской медицине _eпрактическое руководство для врачей, терапевтов, медсестер и пациентов _fМихаэла Глёклер (ред.-сост.) _gпри участии: Роланд Берсдорф [и др.] _gперевод с немецкого: Марина Рыкина, Илья Акуленко _gпредисловие Фридриха Глазла |
|
| 203 |
_aТекст _bвизуальный _cнепосредственный |
||
| 210 |
_aСанкт-Петербург _cКлючи _d2025 |
||
| 215 |
_a334, [1] с., [4] л. цв. ил. _cил., табл. _d25 |
||
| 300 | _aЗагл. и авт. ориг.: Meditation in der Anthroposophischen Medizin / Michaela Glöckler | ||
| 300 | _aЧасть текста парал. рус., нем. | ||
| 320 | _aБиблиогр.: с. 319 и в конце разд. | ||
| 320 | _aРегистр словесных медитаций и изречений: с. 331-335 | ||
| 454 | 0 |
_12001#$aMeditation in der Anthroposophischen Medizin$fMichaela Glöckler _1700#1$aGlöckler$bM.$f1946-$gMichaela$3RU\NLR\AUTH\77119516 _tMeditation in der Anthroposophischen Medizin _aGlöckler, Michaela (1946-) |
|
| 606 | 1 |
_aМедитация _jПрактические пособия _xЛечебное применение _91640539 _3RU\NLR\AUTH\66725455 |
|
| 606 | 1 |
_aАнтропософская медицина _jПрактические пособия _92312940 _3RU\NLR\AUTH\661384173 |
|
| 686 | 1 | _aР358.9я7 | |
| 700 | 1 |
_7ca _8rus _aГлеклер _bМ. _f1946- _gМихаэла _9102428 _3RU\NLR\AUTH\77119503 |
|
| 701 | 1 |
_aБерсдорф _bР. _gРоланд |
|
| 702 | 1 |
_aГлазл _bФ. _f1941- _gФридрих _4080 |
|
| 942 | _cBOOK | ||
| 980 | _aNB | ||